Normal view MARC view
  • Packer, Jane

Entry Personal Name

Number of records used in: 1

001 - CONTROL NUMBER

  • control field: 88496

003 - CONTROL NUMBER IDENTIFIER

  • control field: NUST

005 - DATE AND TIME OF LATEST TRANSACTION

  • control field: 20220119131706.0

008 - FIXED-LENGTH DATA ELEMENTS

  • fixed length control field: 220119|| aca||aabn | a|a d

040 ## - CATALOGING SOURCE

  • Original cataloging agency: NUST
  • Transcribing agency: NUST

100 ## - HEADING--PERSONAL NAME

  • Personal name: Packer, Jane

670 ## - SOURCE DATA FOUND

  • Source citation: Work cat.: (NUST): Packer, Jane , The Complete Guide To Flower Arranging, 1995.
© 2023 Central Library, National University of Sciences and Technology. All Rights Reserved.